Подъемно-транспортные, строительные и дорожные машины и оборудование: учебное пособие

Dades bibliogràfiques
Autor principal: Шестопалов К. К. Константин Константинович
Sumari:На примере наиболее современных моделей рассмотрены назначение, классификация, типоразмерные ряды, принципы действия, особенности конструкции и дизайна; приведены формулы для расчета основных параметров и производительности подъемно-транспортных, строительных и дорожных машин, а также машин и оборудования, используемых при содержании и ремонте автомобильных дорог и городских территорий. Приведена информация о наиболее известных фирмах-производителях, поставляющих на мировой рынок основное количество техники этого профиля. Для студентов средних профессиональных учебных заведений. Может представлять интерес для профессиональных строителей, связанных с эксплуатацией подъемно-транспортной, строительной и дорожной техники.
Idioma:rus
Publicat: Москва, Академия, 2008
Edició:3-е изд., стер.
Col·lecció:Среднее профессиональное образование. Транспорт
Matèries:
Format: Llibre
KOHA link:https://koha.lib.tpu.ru/cgi-bin/koha/opac-detail.pl?biblionumber=130044

MARC

LEADER 00000nam0a2200000 4500
001 130044
005 20231101220221.0
010 |a 9785769547812 
035 |a (RuTPU)RU\TPU\book\140831 
090 |a 130044 
100 |a 20080130d2008 m y0rusy50 ca 
101 0 |a rus 
102 |a RU 
105 |a a j 001zy 
200 1 |a Подъемно-транспортные, строительные и дорожные машины и оборудование  |e учебное пособие  |f К. К. Шестопалов 
205 |a 3-е изд., стер. 
210 |a Москва  |c Академия  |d 2008 
215 |a 320 с.  |c ил. 
225 1 |a Среднее профессиональное образование. Транспорт 
320 |a Список литературы: с. 316-317. 
330 |a На примере наиболее современных моделей рассмотрены назначение, классификация, типоразмерные ряды, принципы действия, особенности конструкции и дизайна; приведены формулы для расчета основных параметров и производительности подъемно-транспортных, строительных и дорожных машин, а также машин и оборудования, используемых при содержании и ремонте автомобильных дорог и городских территорий. Приведена информация о наиболее известных фирмах-производителях, поставляющих на мировой рынок основное количество техники этого профиля. Для студентов средних профессиональных учебных заведений. Может представлять интерес для профессиональных строителей, связанных с эксплуатацией подъемно-транспортной, строительной и дорожной техники. 
606 1 |a Подъемно-транспортное оборудование  |2 stltpush  |3 (RuTPU)RU\TPU\subj\49812  |9 68576 
606 1 |a Строительные подъемные машины  |2 stltpush  |3 (RuTPU)RU\TPU\subj\57729  |9 75587 
606 1 |a Дорожные машины  |2 stltpush  |3 (RuTPU)RU\TPU\subj\71089  |9 85148 
610 1 |a подъемно-транспортные машины 
610 1 |a энергетическое оборудование 
610 1 |a сваебойное оборудование 
610 1 |a земляные работы 
610 1 |a механизация 
610 1 |a каменные материалы 
610 1 |a цементобетонные смеси 
610 1 |a асфальтобетонные смеси 
610 1 |a приготовление 
610 1 |a дорожные покрытия 
610 1 |a автомобильные дороги 
610 1 |a ремонт 
610 1 |a учебные пособия 
610 1 |a транспорт 
610 1 |a автомобильные дороги 
610 1 |a аэродромы 
610 1 |a мосты 
675 |a 621.86(075.32)  |v 3 
675 |a 69.057.7(075.32)  |v 3 
675 |a 625.7/.8.002.5(075.32)  |v 3 
700 1 |a Шестопалов  |b К. К.  |g Константин Константинович 
801 1 |a RU  |b 63413507  |c 20080130  |g PSBO 
801 2 |a RU  |b 63413507  |c 20150708  |g PSBO 
900 |a Машины и механизмы 
942 |c BK 
952 |b 190605  |b 270103  |b 270207  |b 270206  |b 270202 
959 |a 11/20080130  |d 10  |e 0  |f УФ:10